000 00770nam a2200241Ia 4500
003 OSt
005 20220923225022.0
006 a|||||r|||| 00| 0
007 ta
008 220922b |||||||| |||| 00| 0 hin d
024 _a255,293
037 _cTextual
040 _aARTS
_cARTS
_bhin
041 _2hin
_ahin
082 _aO152,2NSH21x, N0
100 _aश्रीवास्तव, कृष्ण कुमार
_9160393
245 0 _aत्याग की रायल्टी
246 _aTyāg kī rāyalṭī
260 _c1990
650 _aहिन्दी साहित्य
_9156264
942 _hO152,2NSH21x, N0
_cTEXL
_2CC
999 _c375440
_d375440